00546 a2200169 4500010001400000020002300014035001300037037001500050082001100065245009900076260003600175270004500211300002400256490003700280500004100317700001800358 aENG-89603 a8181573641c450.00 aEN-73136 bDBAD / PUB14a883.081 aA passage to E.M. Forster's novels:cedited by Yamuna Prasadba collection of critical essays/ aKolkatabWriters Workshopc2005 a162/92, Lake Gardens,bKolkattae700 045 a293p.c22 cm ( Hb.) aA Writers Workshop greybird book aIncludes bibliographical references aYamuna Prasad